| 000 | 00674nam a22002057a 4500 | ||
|---|---|---|---|
| 003 | 0 | ||
| 005 | 20251009132226.0 | ||
| 008 | 251009b xxu||||| |||| 00| 0 eng d | ||
| 020 | _a978-1-032-36252-6 | ||
| 050 |
_aGN 502 _b.C45 2025 |
||
| 100 |
_aChirkov, Valery, _eauthor. |
||
| 245 |
_aAn Introduction to culture and psychology : _ba sociocultural perspective / _cValery Chirkov. |
||
| 260 |
_aNew York, NY : _bRoutledge, _c2025. |
||
| 300 |
_axvi, 407 pages ; _c25 cm. |
||
| 504 | _aIncludes bibliographical references and index. | ||
| 650 | _aEthnopsychology. | ||
| 650 |
_aCulture _xPsychological aspects. |
||
| 650 |
_aPsychology _xSocial aspects. |
||
| 942 |
_2lcc _cBK |
||
| 999 |
_c368199 _d368199 |
||